[Event "Sofia op 2nd"]
[Site "Sofia"]
[Date "2011.10.06"]
[Round "5"]
[White "Orev, Petar"]
[Black "Nikolov, Savko"]
[Result "1-0"]
[WhiteElo "2204"]
[BlackElo "1934"]
[PlyCount "73"]
[EventDate "2011.10.03"]
[EventType "swiss"]
[EventRounds "9"]
[EventCountry "BUL"]
[SourceTitle "CBM 144 Extra"]
[Source "ChessBase"]
[SourceDate "2011.10.28"]
[SourceVersion "1"]
[SourceVersionDate "2011.10.28"]
[SourceQuality "1"]

1. c4 Nf6 2. g3 c5 3. Bg2 Nc6 4. Nc3 d6 5. e3 g6 6. Nge2 Be6 7. b3 Bg7 8. 0-0 0-0 9. d4 Bd7 10. Bb2 a6 11. Qd2 Qc7 12. Nf4 e6 13. d5 Ne7 14. dxe6 fxe6 15. Rad1 Ne8 16. Ne4 Bxb2 17. Qxb2 e5 18. Nd5 Nxd5 19. Rxd5 Bc6 20. Rd2 Rd8 21. Rfd1 Bxe4 22. Bxe4 Nf6 23. Bd5+ Kg7 24. f4 Ng4 25. Rd3 Kh6 26. Bf3 e4 27. Bxe4 Qe7 28. Qg2 Rfe8 29. h3 Nf6 30. Bxb7 d5 31. Bxd5 Nxd5 32. cxd5 c4 33. d6 Qa7 34. bxc4 Rxe3 35. Qf2 Rde8 36. Rxe3 Rxe3 37. Kh2 1-0

[Event "BUL-ch Seniors"]
[Site "Sofia"]
[Date "2011.05.18"]
[Round "7"]
[White "Nikolov, Savko"]
[Black "Tsenukov, Angel"]
[Result "1/2-1/2"]
[WhiteElo "1920"]
[BlackElo "2056"]
[PlyCount "55"]
[EventDate "2011.05.14"]
[EventType "swiss"]
[EventRounds "9"]
[EventCountry "BUL"]
[SourceTitle "CBM 142 Extra"]
[Source "ChessBase"]
[SourceDate "2011.06.27"]
[SourceVersion "1"]
[SourceVersionDate "2011.06.27"]
[SourceQuality "1"]

1. d4 Nf6 2. c4 g6 3. Nc3 Bg7 4. e4 d6 5. Be2 0-0 6. Bg5 c5 7. d5 Qa5 8. Bd2 e6 9. f4 exd5 10. cxd5 Re8 11. Nf3 Qb6 12. Qc2 Nxe4 13. Nxe4 Bf5 14. Bd3 Bxe4 15. Bxe4 f5 16. 0-0-0 Rxe4 17. Bc3 Nd7 18. Bxg7 Kxg7 19. Ng5 Ree8 20. Qc3+ Nf6 21. Rhe1 h6 22. Nh7 Kxh7 23. Qxf6 Qc7 24. Re6 Qg7 25. Rxd6 Qxf6 26. Rxf6 Kg7 27. Re6 Kf7 28. Rde1 1/2-1/2

[Event "BUL-ch Seniors"]
[Site "Sofia"]
[Date "2011.05.15"]
[Round "2"]
[White "Nikolov, Savko"]
[Black "Arnaudov, Petar"]
[Result "0-1"]
[WhiteElo "1920"]
[BlackElo "2189"]
[PlyCount "88"]
[EventDate "2011.05.14"]
[EventType "swiss"]
[EventRounds "9"]
[EventCountry "BUL"]
[SourceTitle "CBM 142 Extra"]
[Source "ChessBase"]
[SourceDate "2011.06.27"]
[SourceVersion "1"]
[SourceVersionDate "2011.06.27"]
[SourceQuality "1"]

1. d4 Nf6 2. c4 e6 3. Nf3 Bb4+ 4. Bd2 a5 5. a3 Bxd2+ 6. Qxd2 b6 7. g3 Bb7 8. Bg2 0-0 9. 0-0 d6 10. Nc3 Nbd7 11. b4 e5 12. d5 Ba6 13. b5 Bc8 14. Qc2 Nc5 15. Nh4 g6 16. e4 Nh5 17. Bf3 Nf4 18. Kh1 Nh3 19. Bg2 a4 20. Ne2 Bd7 21. Rad1 Qg5 22. Nf5 gxf5 23. Bxh3 fxe4 24. Bxd7 Nxd7 25. Qxe4 f5 26. Qc2 Nc5 27. f4 Qg6 28. g4 fxg4 29. f5 Qg5 30. Ng3 Rf6 31. Rf2 Re8 32. Ne4 Nxe4 33. Qxe4 Rh6 34. Rg1 Rh4 35. Rfg2 h5 36. c5 Qf4 37. Qe1 Rh3 38. cxb6 cxb6 39. Rg3 Rxg3 40. Qxg3 Rc8 41. h3 Qxg3 42. Rxg3 Rc4 43. hxg4 hxg4 44. Rd3 Kf7 0-1

[Event "Sofia MGU op 27th"]
[Site "Sofia"]
[Date "2011.03.12"]
[Round "3"]
[White "Karastoyanov, Mihail"]
[Black "Nikolov, Savko"]
[Result "1-0"]
[WhiteElo "2049"]
[BlackElo "1935"]
[PlyCount "69"]
[EventDate "2011.03.12"]
[EventType "swiss"]
[EventRounds "6"]
[EventCountry "BUL"]
[SourceTitle "CBM 141 Extra"]
[Source "ChessBase"]
[SourceDate "2011.05.03"]
[SourceVersion "1"]
[SourceVersionDate "2011.05.03"]
[SourceQuality "1"]

1. e4 c5 2. Nf3 Nc6 3. Bc4 e6 4. 0-0 Na5 5. Be2 Nf6 6. d3 d6 7. c3 Be7 8. Re1 Nc6 9. Nbd2 e5 10. Nf1 0-0 11. Ng3 Re8 12. h3 d5 13. exd5 Nxd5 14. Bf1 Bf8 15. Bg5 f6 16. Bd2 Be6 17. Ne4 Bf7 18. Nh2 h6 19. Qg4 Be6 20. Qf3 f5 21. Ng3 Qf6 22. Rad1 Rad8 23. Bc1 Qg6 24. Be2 Nf6 25. b3 Bd5 26. Qxf5 Qf7 27. Ng4 Ne7 28. Nxf6+ gxf6 29. Qg4+ Kh7 30. Bf3 Be6 31. Qa4 Bd5 32. Bh5 Ng6 33. Nf5 Qd7 34. Bxg6+ Kxg6 35. Qg4+ 1-0

[Event "Sofia MGU op 27th"]
[Site "Sofia"]
[Date "2011.03.12"]
[Round "2"]
[White "Nikolov, Savko"]
[Black "Andreev, Dobrotich"]
[Result "1-0"]
[WhiteElo "1935"]
[BlackElo "2023"]
[PlyCount "103"]
[EventDate "2011.03.12"]
[EventType "swiss"]
[EventRounds "6"]
[EventCountry "BUL"]
[SourceTitle "CBM 141 Extra"]
[Source "ChessBase"]
[SourceDate "2011.05.03"]
[SourceVersion "1"]
[SourceVersionDate "2011.05.03"]
[SourceQuality "1"]

1. d4 d5 2. c4 e6 3. Nc3 Nf6 4. cxd5 exd5 5. Bg5 Be7 6. e3 c6 7. Bd3 Bg4 8. Qb3 Qb6 9. Qc2 Bh5 10. Nge2 Bg6 11. Nf4 Nbd7 12. 0-0 Bd6 13. a3 Qc7 14. Rac1 a6 15. h3 Bxd3 16. Qxd3 0-0 17. Ncxd5 Nxd5 18. Nxd5 Qa5 19. Ne7+ Kh8 20. Nf5 Bc7 21. Be7 Rfe8 22. Bd6 Bxd6 23. Nxd6 Re6 24. Nxf7+ Kg8 25. Ne5 Nxe5 26. dxe5 Rd8 27. Qb3 Qd5 28. Qxd5 Rxd5 29. f4 Rb5 30. Rc2 Rb3 31. Kf2 Re7 32. Rd1 h5 33. g3 g5 34. Rdd2 h4 35. Rc3 Rxc3 36. bxc3 Kf7 37. g4 a5 38. Kf3 gxf4 39. exf4 b5 40. Ke4 c5 41. f5 b4 42. cxb4 cxb4 43. axb4 axb4 44. Rb2 Rb7 45. Kd4 Rb5 46. g5 b3 47. e6+ Ke7 48. Ke4 Rb4+ 49. Ke5 Rb5+ 50. Kf4 Rb4+ 51. Kf3 Kd6 52. g6 1-0

[Event "Sofia MGU op 25th"]
[Site "Sofia"]
[Date "2011.02.05"]
[Round "1"]
[White "Nikolov, Savko"]
[Black "Orev, Petar"]
[Result "0-1"]
[WhiteElo "1935"]
[BlackElo "2252"]
[PlyCount "74"]
[EventDate "2011.02.05"]
[EventType "swiss"]
[EventRounds "6"]
[EventCountry "BUL"]
[SourceTitle "CBM 140 Extra"]
[Source "ChessBase"]
[SourceDate "2011.03.01"]
[SourceVersion "1"]
[SourceVersionDate "2011.03.01"]
[SourceQuality "1"]

1. d4 Nf6 2. c4 d5 3. cxd5 Nxd5 4. Nf3 g6 5. e4 Nb6 6. Nc3 Bg7 7. Be3 Bg4 8. Be2 0-0 9. 0-0 Nc6 10. d5 Bxf3 11. gxf3 Ne5 12. Bd4 e6 13. f4 Ned7 14. Bxg7 Kxg7 15. Qd4+ e5 16. fxe5 Qg5+ 17. Kh1 Qxe5 18. Qxe5+ Nxe5 19. f4 Ned7 20. a4 a5 21. Nb5 c6 22. dxc6 bxc6 23. Nd4 Nc5 24. Bf3 Ncxa4 25. b3 c5 26. Nb5 Nb2 27. e5 Rab8 28. Rxa5 c4 29. Rb1 cxb3 30. Nd4 N2c4 31. Ra7 Nd2 32. Re1 b2 33. f5 Nxf3 34. f6+ Kg8 35. Nxf3 Nc8 36. Rxf7 Rxf7 37. Rb1 Rc7 0-1

[Event "Bobotsov Memorial 2nd"]
[Site "Sofia"]
[Date "2010.05.02"]
[Round "3"]
[White "Nikolov, Savko"]
[Black "Bitti, Sandro"]
[Result "0-1"]
[WhiteElo "1971"]
[BlackElo "1750"]
[PlyCount "108"]
[EventDate "2010.04.30"]
[EventType "swiss"]
[EventRounds "9"]
[EventCountry "BUL"]
[SourceTitle "CBM 136 Extra"]
[Source "ChessBase"]
[SourceDate "2010.07.02"]
[SourceVersion "2"]
[SourceVersionDate "2010.07.15"]
[SourceQuality "1"]

1. d4 d5 2. c4 e6 3. Nc3 Nf6 4. cxd5 exd5 5. Bg5 c6 6. Qc2 Be7 7. e3 Bg4 8. Be2 Bxe2 9. Ngxe2 Nbd7 10. 0-0 Ne4 11. Bxe7 Qxe7 12. Nxe4 Qxe4 13. Qb3 Nb6 14. a4 Qe7 15. Nf4 0-0 16. Nd3 Nc4 17. Qc3 a5 18. b3 Nd6 19. Qc5 Rfe8 20. Rfc1 Ne4 21. Qc2 Qf8 22. Re1 Re6 23. f3 Nd6 24. Nc5 Re7 25. Qf2 Qe8 26. Ra2 b6 27. Nd3 Rb8 28. Rae2 f5 29. Qg3 Nf7 30. Qf4 g6 31. e4 dxe4 32. fxe4 fxe4 33. Rxe4 Rbb7 34. Ne5 Nxe5 35. dxe5 Re6 36. Qd2 Rb8 37. Qc3 Qd7 38. Rd4 Qe7 39. Rc4 c5 40. h4 Re8 41. Rce4 Qf7 42. Rf1 Qe7 43. Rfe1 Qf7 44. Qc4 Kh8 45. h5 gxh5 46. R1e3 Qg7 47. Qe2 Rg6 48. e6 Rg8 49. g4 Rxg4+ 50. Rxg4 Qxg4+ 51. Kh2 Qg1+ 52. Kh3 Qh1+ 53. Qh2 Qf1+ 54. Kh4 Rg4+ 0-1

[Event "Sofia Asenova&Ivanova Memorial"]
[Site "Sofia"]
[Date "2010.04.27"]
[Round "9"]
[White "Nikolov, Savko"]
[Black "Mihov, Emil"]
[Result "1-0"]
[WhiteElo "1971"]
[BlackElo "1800"]
[PlyCount "31"]
[EventDate "2010.04.21"]
[EventType "swiss"]
[EventRounds "9"]
[EventCountry "BUL"]
[SourceTitle "CBM 135 Extra"]
[Source "ChessBase"]
[SourceDate "2010.05.04"]
[SourceVersion "1"]
[SourceVersionDate "2010.05.04"]
[SourceQuality "1"]

1. d4 d5 2. c4 dxc4 3. Nf3 c5 4. e3 cxd4 5. exd4 Nf6 6. Bxc4 e6 7. 0-0 Bd6 8. Nc3 0-0 9. Bg5 Qc7 10. Bd3 Nbd7 11. Rc1 Qb8 12. Nb5 b6 13. Nxd6 Qxd6 14. Bh4 Nd5 15. Bg3 N7f6 16. Bxd6 1-0

[Event "Sofia Gerenski Memorial 3rd"]
[Site "Sofia"]
[Date "2010.03.26"]
[Round "8"]
[White "Videnov, Ivan"]
[Black "Nikolov, Savko"]
[Result "1/2-1/2"]
[WhiteElo "2072"]
[BlackElo "1971"]
[PlyCount "45"]
[EventDate "2010.03.21"]
[EventType "swiss"]
[EventRounds "9"]
[EventCountry "BUL"]
[SourceTitle "CBM 135 Extra"]
[Source "ChessBase"]
[SourceDate "2010.05.04"]
[SourceVersion "1"]
[SourceVersionDate "2010.05.04"]
[SourceQuality "1"]

1. d4 Nf6 2. c4 g6 3. Nc3 d5 4. Nf3 Bg7 5. e3 0-0 6. Be2 dxc4 7. Bxc4 c5 8. 0-0 Bg4 9. d5 Nfd7 10. Be2 Nb6 11. e4 N8d7 12. Be3 Nc8 13. Nd2 Bxe2 14. Qxe2 a6 15. a4 Nd6 16. f3 b6 17. g4 Bd4 18. Qf2 Bxe3 19. Qxe3 Ne5 20. Qe2 Qd7 21. h3 g5 22. f4 gxf4 23. Rxf4 1/2-1/2

[Event "Sofia Gerenski Memorial 3rd"]
[Site "Sofia"]
[Date "2010.03.22"]
[Round "3"]
[White "Nikolov, Savko"]
[Black "Andreev, Dobrotich"]
[Result "1-0"]
[WhiteElo "1971"]
[BlackElo "2071"]
[PlyCount "71"]
[EventDate "2010.03.21"]
[EventType "swiss"]
[EventRounds "9"]
[EventCountry "BUL"]
[SourceTitle "CBM 135 Extra"]
[Source "ChessBase"]
[SourceDate "2010.05.04"]
[SourceVersion "1"]
[SourceVersionDate "2010.05.04"]
[SourceQuality "1"]

1. d4 d5 2. c4 e6 3. Nc3 Nf6 4. cxd5 exd5 5. Bg5 Nbd7 6. Nf3 c6 7. e3 Qa5 8. Bd3 Ne4 9. 0-0 Nxg5 10. Nxg5 Nf6 11. e4 h6 12. Nf3 dxe4 13. Re1 Be7 14. Nxe4 0-0 15. Nc3 Bd6 16. Ne5 Be6 17. Qc2 Nd5 18. Nxd5 Bxd5 19. Re3 Qc7 20. Rae1 c5 21. dxc5 Qxc5 22. Bh7+ Kh8 23. Rc3 Qa5 24. Rce3 Bc5 25. R3e2 Rac8 26. Qf5 Be6 27. Qe4 Qb4 28. a3 Qb3 29. Bf5 Bd5 30. Qg4 Rce8 31. Bc2 Be6 32. Bxb3 Bxg4 33. Nxf7+ Rxf7 34. Rxe8+ Rf8 35. Rxf8+ Bxf8 36. Re8 1-0

[Event "Baharov Memorial op 17th"]
[Site "Sofia"]
[Date "2009.11.21"]
[Round "5"]
[White "Georgiev, Emil"]
[Black "Nikolov, Savko"]
[Result "1-0"]
[WhiteElo "1745"]
[BlackElo "1991"]
[PlyCount "57"]
[EventDate "2009.11.18"]
[EventType "swiss"]
[EventRounds "7"]
[EventCountry "BUL"]
[SourceTitle "CBM 133 Extra"]
[Source "ChessBase"]
[SourceDate "2010.01.05"]
[SourceVersion "1"]
[SourceVersionDate "2010.01.05"]
[SourceQuality "1"]

1. e4 c5 2. Nf3 Nc6 3. d4 cxd4 4. Nxd4 g6 5. c4 Nf6 6. Nc3 Nxd4 7. Qxd4 d6 8. a3 Bg7 9. Be3 0-0 10. Qd1 Qa5 11. Bd3 Nd7 12. Bd2 Nc5 13. Be2 Qd8 14. Qc2 f5 15. Bf3 fxe4 16. Bxe4 Bd7 17. 0-0 Rb8 18. Bg5 Be5 19. Rfe1 Nxe4 20. Qxe4 Bc6 21. Nd5 Rf7 22. Rad1 Qf8 23. f4 Bf6 24. Bxf6 exf6 25. Ne7+ Kg7 26. Nxc6 bxc6 27. Qxc6 Rxb2 28. Re8 Rb6 29. Qa8 1-0

[Event "BUL-ch Seniors"]
[Site "Sofia"]
[Date "2009.05.16"]
[Round "9"]
[White "Nikolov, Savko"]
[Black "Ljangov, Petar"]
[Result "0-1"]
[WhiteElo "1981"]
[BlackElo "2072"]
[PlyCount "68"]
[EventDate "2009.05.10"]
[EventType "swiss"]
[EventRounds "9"]
[EventCountry "BUL"]
[SourceTitle "CBM 130 Extra"]
[Source "ChessBase"]
[SourceDate "2009.07.02"]
[SourceVersion "2"]
[SourceVersionDate "2009.07.15"]
[SourceQuality "1"]

1. c4 e5 2. Nc3 Nc6 3. Nf3 Nf6 4. g3 g6 5. Bg2 Bg7 6. 0-0 0-0 7. d3 d6 8. Nh4 h6 9. e3 Ne7 10. Rb1 d5 11. e4 dxc4 12. dxc4 c6 13. Qe2 Be6 14. Be3 Qc7 15. Rfd1 Rfd8 16. Bf1 Bg4 17. f3 Be6 18. g4 Nd7 19. b3 Bf6 20. Ng2 g5 21. Ne1 Ng6 22. Nc2 Nf4 23. Qf2 Be7 24. c5 Nf8 25. b4 a6 26. Kh1 Rxd1 27. Rxd1 Rd8 28. Rxd8 Qxd8 29. Na3 Nd3 30. Qe2 Nxb4 31. Nc4 a5 32. Nb6 Nd7 33. Nc4 Bxc5 34. a3 Na6 0-1

[Event "Sofia Gerenski Memorial 2nd"]
[Site "Sofia"]
[Date "2009.03.23"]
[Round "4"]
[White "Nikolov, Savko"]
[Black "Ivanov, Dimitar1111"]
[Result "1-0"]
[WhiteElo "1986"]
[BlackElo "2053"]
[PlyCount "93"]
[EventDate "2009.03.21"]
[EventType "swiss"]
[EventRounds "9"]
[EventCountry "BUL"]
[SourceTitle "CBM 129 Extra"]
[Source "ChessBase"]
[SourceDate "2009.05.05"]
[SourceVersion "2"]
[SourceVersionDate "2009.05.20"]
[SourceQuality "1"]

1. c4 e5 2. Nc3 Nf6 3. Nf3 Nc6 4. g3 Bc5 5. Bg2 0-0 6. d3 h6 7. 0-0 Re8 8. Nd2 d6 9. h3 Bf5 10. a3 a5 11. Nde4 Nxe4 12. Nxe4 Bb6 13. Nc3 Qd7 14. Kh2 Rab8 15. Nd5 Ne7 16. Nxb6 cxb6 17. e4 Bg6 18. Qb3 Qc7 19. Be3 Nc8 20. f4 exf4 21. Bxf4 f6 22. c5+ Bf7 23. cxd6 Nxd6 24. Qd1 Rbd8 25. Qf3 Qd7 26. Be3 Qb5 27. Rfd1 Bb3 28. Rd2 Nf7 29. Bf1 Ng5 30. Qf2 a4 31. h4 Nf7 32. Bxb6 Rc8 33. Bd4 Rc6 34. Bc3 Ne5 35. Bxe5 Qxe5 36. d4 Qa5 37. d5 Rd6 38. Rc1 Rxe4 39. Rc8+ Rd8 40. Rc5 Qb6 41. Bg2 Rc4 42. Rc8 Qd6 43. Rxd8+ Qxd8 44. d6 Rg4 45. Qf5 h5 46. Bd5+ Bxd5 47. Qxd5+ 1-0

[Event "Sofia Gerenski Memorial 2nd"]
[Site "Sofia"]
[Date "2009.03.22"]
[Round "2"]
[White "Nikolov, Savko"]
[Black "Videnov, Ivan"]
[Result "1/2-1/2"]
[WhiteElo "1986"]
[BlackElo "2118"]
[PlyCount "72"]
[EventDate "2009.03.21"]
[EventType "swiss"]
[EventRounds "9"]
[EventCountry "BUL"]
[SourceTitle "CBM 129 Extra"]
[Source "ChessBase"]
[SourceDate "2009.05.05"]
[SourceVersion "2"]
[SourceVersionDate "2009.05.20"]
[SourceQuality "1"]

1. d4 d5 2. c4 e6 3. Nc3 Nf6 4. cxd5 exd5 5. Bg5 Be7 6. Qc2 0-0 7. e3 Nbd7 8. Bd3 h6 9. Bh4 c6 10. Nf3 Ne8 11. Bg3 Bd6 12. Bf5 Nb6 13. Bh7+ Kh8 14. Bd3 Nf6 15. Bh4 Re8 16. 0-0-0 Be7 17. Ne5 Kg8 18. h3 Nfd7 19. Bg3 Nxe5 20. Bxe5 Bd6 21. f4 f6 22. Bxd6 Qxd6 23. Rde1 Be6 24. g4 c5 25. Nb5 Qe7 26. dxc5 Nc4 27. Bxc4 dxc4 28. Nd6 Red8 29. Qe4 Rxd6 30. cxd6 Qxd6 31. Rd1 Qa6 32. f5 Bf7 33. Rd7 c3 34. Rxf7 cxb2+ 35. Kb1 Kxf7 36. Qd5+ Kf8 1/2-1/2

[Event "Sofia CSKA op 11th"]
[Site "Sofia"]
[Date "2009.01.17"]
[Round "3"]
[White "Nikolov, Savko"]
[Black "Nikolova, Adriana"]
[Result "1-0"]
[WhiteElo "1986"]
[BlackElo "2310"]
[PlyCount "117"]
[EventDate "2009.01.17"]
[EventType "swiss"]
[EventRounds "6"]
[EventCountry "BUL"]
[SourceTitle "CBM 128 Extra"]
[Source "ChessBase"]
[SourceDate "2009.03.05"]
[SourceVersion "2"]
[SourceVersionDate "2009.03.25"]
[SourceQuality "1"]

1. d4 Nf6 2. c4 e6 3. Nf3 b6 4. a3 Bb7 5. Nc3 d5 6. cxd5 exd5 7. Bg5 Be7 8. e3 0-0 9. Bd3 Nbd7 10. 0-0 Ne4 11. Bxe7 Qxe7 12. Nd2 f5 13. Ndxe4 fxe4 14. Bb5 c6 15. Ba4 Rf6 16. Ne2 Ba6 17. Rc1 Rc8 18. b4 Bd3 19. Nf4 Rxf4 20. exf4 Bxf1 21. Qxf1 Nb8 22. Qe2 Qf6 23. Qe3 a6 24. Bb3 Re8 25. f3 Kf8 26. Re1 Re7 27. Bc2 exf3 28. Qxe7+ Qxe7 29. Rxe7 Kxe7 30. g4 Nd7 31. Kf2 b5 32. Kxf3 g6 33. f5 g5 34. Ke3 Nb6 35. Bb3 h6 36. h3 Nc8 37. Bc2 Kf6 38. Kf3 Nd6 39. Bd3 Ke7 40. Ke3 Ne8 41. Kf3 Nf6 42. Kg3 h5 43. gxh5 Nxh5+ 44. Kg4 Nf4 45. Bf1 c5 46. dxc5 d4 47. Kxg5 Nd5 48. h4 Ne3 49. Bd3 Nc4 50. h5 Ne5 51. h6 Kf7 52. Be4 d3 53. Bd5+ Kf8 54. f6 d2 55. Bb3 Nf7+ 56. Kg6 Ne5+ 57. Kf5 Nf7 58. h7 Nh8 59. Ke6 1-0